[Event "Chigorin Memorial 24th"]
[Site "St Petersburg"]
[Date "2016.10.16"]
[Round "2"]
[White "Akhmetshin, Aydar"]
[Black "Basyrov, Eduard"]
[Result "0-1"]
[WhiteElo "1517"]
[BlackElo "2001"]
[PlyCount "84"]
[EventDate "2016.10.15"]
[EventType "swiss"]
[EventRounds "9"]
[EventCountry "RUS"]
[SourceTitle "CBM 175 Extra"]
[Source "ChessBase"]
[SourceDate "2016.12.12"]
[SourceVersion "1"]
[SourceVersionDate "2016.12.12"]
[SourceQuality "1"]

1. e4 c5 2. Nf3 Nc6 3. d4 cxd4 4. Nxd4 d6 5. Nc3 g6 6. Be3 Bg7 7. Qd2 Nf6 8. f3 0-0 9. Bc4 a6 10. Bb3 Bd7 11. 0-0-0 Na5 12. Kb1 Nxb3 13. axb3 a5 14. g4 a4 15. bxa4 Bxa4 16. Nxa4 Rxa4 17. h4 Qa8 18. Nb3 Qa6 19. Qd3 Qc6 20. h5 Nd7 21. hxg6 fxg6 22. f4 Rfa8 23. Qd5+ Qxd5 24. exd5 Nf6 25. Rhg1 Re4 26. Bc1 Kf7 27. c3 Raa4 28. Na1 Ra5 29. Nc2 Rxd5 30. Rxd5 Nxd5 31. Rh1 Nxf4 32. Rxh7 Ne6 33. Bh6 Kg8 34. Rxg7+ Nxg7 35. Ne3 Kh7 36. Bxg7 Kxg7 37. Nd5 Kf7 38. b4 Rxg4 39. Nb6 g5 40. Kc2 Rf4 41. Kd3 g4 42. Nd5 e5 0-1

[Event "St Petersburg Autumn op"]
[Site "St Petersburg"]
[Date "2005.11.03"]
[Round "6"]
[White "Basyrov, Eduard"]
[Black "Kosov, Igor"]
[Result "1-0"]
[WhiteElo "2103"]
[BlackElo "1664"]
[PlyCount "47"]
[EventDate "2005.10.29"]
[EventType "swiss"]
[EventRounds "9"]
[EventCountry "RUS"]
[SourceTitle "EXT 2006"]
[Source "ChessBase"]
[SourceDate "2005.11.24"]
[SourceVersion "1"]
[SourceVersionDate "2005.11.24"]
[SourceQuality "1"]

1. c4 e5 2. Nc3 Nf6 3. g3 Be7 4. Bg2 0-0 5. Nf3 Nc6 6. d4 exd4 7. Nxd4 Nxd4 8. Qxd4 c6 9. 0-0 d6 10. b3 Be6 11. Bb2 Qb6 12. Qf4 Rad8 13. Rfd1 Qa5 14. Rd3 d5 15. cxd5 Nxd5 16. Qd2 Nxc3 17. Bxc3 Qf5 18. e4 Qc5 19. Rd1 Bg4 20. Rxd8 Bxd8 21. Bd4 Qa3 22. f3 Be6 23. Qf2 a5 24. Bc5 1-0

[Event "St Petersburg Autumn op"]
[Site "St Petersburg"]
[Date "2005.11.02"]
[Round "5"]
[White "Kharlamov, Igor1111"]
[Black "Basyrov, Eduard"]
[Result "1-0"]
[WhiteElo "1942"]
[BlackElo "2103"]
[PlyCount "91"]
[EventDate "2005.10.29"]
[EventType "swiss"]
[EventRounds "9"]
[EventCountry "RUS"]
[SourceTitle "EXT 2006"]
[Source "ChessBase"]
[SourceDate "2005.11.24"]
[SourceVersion "1"]
[SourceVersionDate "2005.11.24"]
[SourceQuality "1"]

1. d4 Nf6 2. Nf3 e6 3. e3 d5 4. Bd3 c5 5. c3 Nc6 6. Nbd2 Bd6 7. 0-0 0-0 8. dxc5 Bxc5 9. e4 Qc7 10. Qe2 h6 11. Nb3 dxe4 12. Bxe4 Nxe4 13. Qxe4 Bd6 14. Re1 b6 15. Qh4 e5 16. Be3 Ne7 17. Nfd2 Bb7 18. Qc4 Qd7 19. Ne4 Bd5 20. Qd3 Qf5 21. f3 Rad8 22. Rad1 Bb8 23. Qb1 Qe6 24. Qc2 Qg6 25. Bf2 f5 26. Ng3 h5 27. h4 e4 28. fxe4 fxe4 29. Rxd5 Rxd5 30. Nxe4 Rf4 31. Nd4 Nc6 32. Qb3 Ne7 33. Ng5 Rxf2 34. Kxf2 Qf6+ 35. Ngf3 Qd6 36. Rxe7 Kf8 37. Re2 Qg3+ 38. Kf1 Qd6 39. Qa3 Rc5 40. Ne6+ Kg8 41. Nxc5 bxc5 42. Re8+ Kf7 43. Re2 Qd1+ 44. Kf2 Qd6 45. Qb3+ Kf8 46. Qe6 1-0

[Event "St Petersburg Autumn op"]
[Site "St Petersburg"]
[Date "2005.10.29"]
[Round "1"]
[White "Lovkov, Roman"]
[Black "Basyrov, Eduard"]
[Result "1-0"]
[WhiteElo "2365"]
[BlackElo "2103"]
[PlyCount "47"]
[EventDate "2005.10.29"]
[EventType "swiss"]
[EventRounds "9"]
[EventCountry "RUS"]
[SourceTitle "EXT 2006"]
[Source "ChessBase"]
[SourceDate "2005.11.24"]
[SourceVersion "1"]
[SourceVersionDate "2005.11.24"]
[SourceQuality "1"]

1. d4 Nf6 2. c4 e6 3. Nf3 d5 4. Nc3 Bb4 5. Qa4+ Nc6 6. e3 Ne4 7. Qc2 Ne7 8. Bd3 Nd6 9. c5 Bxc3+ 10. bxc3 Ndf5 11. 0-0 Ng6 12. e4 Nfh4 13. Nxh4 Nxh4 14. exd5 Qxd5 15. Be4 Qh5 16. c6 b6 17. Bf4 Ba6 18. Rfe1 f5 19. Bd5 Kd8 20. Rxe6 g5 21. Be5 Rf8 22. Re1 f4 23. Bf6+ Kc8 24. Qxh7 1-0

[Event "St Petersburg White Nights op1"]
[Site "St Petersburg"]
[Date "2002.??.??"]
[Round "8"]
[White "Basyrov, Eduard"]
[Black "Lelekova, Olga"]
[Result "1/2-1/2"]
[WhiteElo "2010"]
[BlackElo "2057"]
[PlyCount "84"]
[EventDate "2002.??.??"]
[EventType "swiss"]
[EventRounds "9"]
[EventCountry "RUS"]
[SourceTitle "EXT 2003"]
[Source "ChessBase"]
[SourceDate "2002.11.25"]
[SourceVersion "1"]
[SourceVersionDate "2002.11.25"]
[SourceQuality "1"]

1. d4 Nf6 2. c4 e6 3. Nf3 b6 4. Nc3 Bb4 5. Qc2 c5 6. a3 Bxc3+ 7. Qxc3 Bb7 8. dxc5 bxc5 9. Bf4 0-0 10. b4 Ne4 11. Qb2 Qb6 12. e3 d5 13. Bd3 dxc4 14. Bxc4 Nc6 15. Rb1 cxb4 16. axb4 a5 17. b5 Nb4 18. 0-0 Rfc8 19. Rbc1 Nc5 20. Rfd1 Bd5 21. Be5 Na4 22. Qa1 Rxc4 23. Rxc4 Bxc4 24. Bxg7 e5 25. Nxe5 Bxb5 26. Ng4 f6 27. Nxf6+ Kf7 28. Qe5 Rd8 29. Rc1 Nd3 30. Qc7+ Qxc7 31. Rxc7+ Kg6 32. h4 Nac5 33. g4 Ne6 34. h5+ Kg5 35. f4+ Ndxf4 36. exf4+ Kxf4 37. Bh6+ Ke5 38. Rf7 Rd1+ 39. Kf2 Rf1+ 40. Kg3 Rxf6 41. Rxh7 Be2 42. Bc1 Rf3+ 1/2-1/2

[Event "St Petersburg White Nights op1"]
[Site "St Petersburg"]
[Date "2002.??.??"]
[Round "4"]
[White "Ivanets, Vladimir"]
[Black "Basyrov, Eduard"]
[Result "1/2-1/2"]
[WhiteElo "2330"]
[BlackElo "2010"]
[PlyCount "136"]
[EventDate "2002.??.??"]
[EventType "swiss"]
[EventRounds "9"]
[EventCountry "RUS"]
[SourceTitle "EXT 2003"]
[Source "ChessBase"]
[SourceDate "2002.11.25"]
[SourceVersion "1"]
[SourceVersionDate "2002.11.25"]
[SourceQuality "1"]

1. b4 d5 2. Nf3 Bf5 3. e3 e6 4. Bb2 Nf6 5. a3 c5 6. bxc5 Bxc5 7. c4 0-0 8. d4 Be7 9. Nc3 Nc6 10. Bd3 Bxd3 11. Qxd3 Na5 12. cxd5 exd5 13. Nd2 Rc8 14. 0-0 Bd6 15. g3 Re8 16. e4 dxe4 17. Ncxe4 Nxe4 18. Nxe4 Nc4 19. Nxd6 Nxb2 20. Qb3 Qxd6 21. Qxb2 Qd5 22. Rfe1 b6 23. a4 h5 24. h4 g6 25. Re5 Rxe5 26. dxe5 Rc5 27. Re1 Qe6 28. Qd4 Kh7 29. Re4 Rd5 30. Qe3 Rd1+ 31. Kh2 Qd5 32. Qf4 Kg8 33. g4 Rb1 34. e6 fxe6 35. Qb8+ Kg7 36. Qxa7+ Kg8 37. Qb8+ Kg7 38. Qc7+ Kg8 39. Qc8+ Kg7 40. Qc3+ Kg8 41. Qc2 Rc1 42. Qe2 hxg4 43. Qxg4 Qf5 44. Qe2 Rc3 45. Kg1 Qh3 46. Qe1 Rd3 47. Re3 Qg4+ 48. Rg3 Rd1 49. Rxg4 Rxe1+ 50. Kg2 Kf7 51. Rf4+ Kg7 52. Rb4 Kf6 53. Kf3 Kf5 54. Rb5+ e5 55. Rxb6 Ra1 56. Rb4 Ra3+ 57. Kg2 e4 58. Rb5+ Kg4 59. Rg5+ Kxh4 60. Rxg6 Rxa4 61. Kf1 Ra2 62. Re6 Ra4 63. Rg6 Ra2 64. Ke1 Rb2 65. Rg8 Ra2 66. Re8 Ra4 67. Ke2 Kg4 68. Rf8 Ra3 1/2-1/2